000 01203cam a22002054a 4500
005 20250605163935.0
008 250528s ||||||||||||||||||||||||d
035 _a14851
020 _a415015421
040 _aGR-AtMCL
_bgre
_dGR-AtMCL
_eAACR2
245 1 _aThe Politics of Pictures / The Creation of the Public in the Age of Popular Media
250 _a1st
260 _bRouledge,
_c1992
300 _a242
520 _aThis book searches for the public in the realm of media, where citizens are now literally represented on screen and on page. Acknowledgements, Publicity (Introduction), Public Pictures, Popular Reality: A (Hair) Brush with Cultural Studies, Agoraphilia: The Politics of Pictures, No Picnic: For All Flesh is as Grass, Power Viewing: A Glance at Pervasion in the Postmodern Perplex, The Pictures of Politics, The Smiling Professions: From a Sea Monster to Synchronized Swimming, Heliography: Journalism and the Visualization of Truth, Common Sense: Universal v. Adversarial Journalism, Journalism in a Post-Truth Society: The Sexualization of the Body Politic, Notes, Bibliography, Index.
700 1 _aHartley John
_9623
942 _cBK
999 _c462
_d462